|
|
|
|
| LEADER |
01003nam a2200181 a 4500 |
| 008 |
100725s2005 bg 000 0 ben |
| 040 |
|
|
|a BD-DhAAL
|c BD-DhAAL
|d BD-DhAAL
|
| 082 |
0 |
0 |
|a 338.095492
|2 22
|
| 245 |
1 |
0 |
|a উন্নয়ন যোগাযোগ :
|b বাংলাদেশে এর সমস্যা ও সম্ভাবনা /
|c জান্নাতুল ফেরদৌস,সম্পাদনা
|
| 260 |
|
|
|a ঢাকা :
|b ম্যাস লাইন মিডিয়া সেন্টার,
|c ২০০৫
|
| 300 |
|
|
|a ৪৫ পৃ. ;
|c ২২ সে.মি.
|
| 490 |
0 |
|
|a সেমিনার সিরিজ ২.
|
| 541 |
1 |
|
|e 00020099
|
| 700 |
1 |
0 |
|a ফেরদৌস,জান্নাতুল.
|
| 650 |
|
0 |
|a Communication in rural development
|z Bangladesh
|
| 852 |
4 |
|
|a Ayesha Abed Library
|j General shelf
|
| 999 |
|
|
|c 9477
|d 9477
|
| 952 |
|
|
|0 0
|1 0
|2 ddc
|4 0
|6 338_095492000000000_UNN_2005
|7 0
|9 12028
|a BRACUL
|b BRACUL
|c GEN
|d 2010-09-23
|l 0
|o 338.095492 UNN
|p 3010020099
|r 2010-09-23
|t 1
|w 2010-09-23
|y BK
|